| 000 | 00804nam a2200253 i 4500 | ||
|---|---|---|---|
| 001 | 6579 | ||
| 003 | ES-MaACL | ||
| 005 | 20230906145013.0 | ||
| 008 | 900116s1989 sp ||||1| spa d | ||
| 020 | _a84-7658-188-2 | ||
| 080 | _a130.2 | ||
| 100 | 1 |
_aRodríguez, Rosa María. _998300 |
|
| 245 | 1 | 3 |
_aLa sonrisa de Saturno _b: hacia una teoría transmoderna / _cRosa María Rodríguez Magda. |
| 250 | _a1ª ed. | ||
| 260 |
_aBarcelona : _bAnthropos, _c1989. |
||
| 300 |
_a269 p. ; _c20 cm. |
||
| 490 | 1 |
_aPensamiento crítico/pensamiento utópico ; _v49 |
|
| 500 | _aÍndice. | ||
| 504 | _aBibliografía: p. 257-264. | ||
| 650 | 0 | 4 |
_aCivilización- _xFilosofía. _911081 |
| 830 | 1 |
_aPensamiento crítico/pensamiento utópico ; _v49 _9177290 |
|
| 852 |
_aES-MaACL _jL-13723 |
||
| 999 |
_c6579 _d6579 |
||